000 01175nam a2200241 i 4500
001 53678
003 ES-MaACL
005 20250904063048.0
007 t|
008 960704m18571858sp a ||||1| spa d
100 1 _aFernández de Castro, Manuel,
_d1825-1895
_949645
245 1 3 _aLa electricidad y los caminos de hierro :
_bdescripción y examen de los sistemas propuestos para evitar accidentes en los caminos de hierro por medio de la electricidad, precedidos de una reseña histórico-elemental de esta ciencia y de sus principales aplicaciones /
_cpor D. Manuel Fernández de Castro.
260 _aMadrid :
_b[s.n.],
_c1857-1858 (
_fImp. y Esterotipia de M. Rivadeneyra)
300 _a2 v. (574 ; 504 p.) ;
_c23 cm.
505 8 _aContiene: 1. La electricidad - 2. Los caminos de hierro
530 _aDisponible en formato digital.
650 4 _aEnergía eléctrica.
_9153785
650 4 _aTransportes ferroviarios-
_xMedidas de seguridad.
_9167159
650 _aSeñales ferroviarias.
_9173716
852 4 _aES-MaACL
_jG-11860-61
856 4 _uhttp://bdh-rd.bne.es/viewer.vm?id=0000008859&page=1
_zBiblioteca Digital Hispánica
999 _c53678
_d53678